00785 2200265 4500001002100000005001700021008004100038020002200079035002400101040001200125041000800137082001600145084001600161090002000177100001300197245010500210250001100315260004500326300004300371504002500414650002600439700002000465850001200485990002200497INLIS00000000002929420170720132347.0  a978-602-9025-92-7 0010-071700000000464 aYOPDYOG0 aind042[23]a005.1 a005.1 Ana M aDEP 005.1 Ana M0 aANA ARDI1 aMobile programmingb: Pengembangan aplikasi untuk android phonec/ Ana Ardi; editor, Erik R. Prabowo aCet. 12 aYogyakartabSkripta Media Creativec2013 aviii, 98 hlm.b: ilus.c; 30 cm.e+ CD aBibliografi: hlm. 98 4aKomputer, Pemrograman0 aERIK R. Prabowo aYOPDYOG aCB-D.11/2013-2598